[Event "Ste Foy Polgar"]
[Site "Ste Foy"]
[Date "2019.05.25"]
[Round "3"]
[White "Michaud, Jacques"]
[Black "Darveau, Michel"]
[Result "1-0"]
[WhiteElo "1549"]
[BlackElo "1416"]
[PlyCount "73"]
[EventDate "2019.05.11"]
[EventType "swiss"]
[EventRounds "5"]
[EventCountry "CAN"]
[SourceTitle "EXT 2022"]
[Source "ChessBase"]
[SourceDate "2021.10.06"]
[SourceVersion "1"]
[SourceVersionDate "2021.10.06"]
[SourceQuality "1"]

1. g3 d5 2. Nf3 Nc6 3. Bg2 e5 4. d4 e4 5. Ng5 Qf6 6. c3 Bd6 7. Nh3 h6 8. 0-0 Nge7 9. f3 e3 10. Bxe3 Nf5 11. Bf2 0-0 12. e4 dxe4 13. fxe4 Nfe7 14. e5 Bxe5 15. dxe5 Nxe5 16. Bd4 Qd6 17. Bxe5 Qxe5 18. Qe1 Qc5+ 19. Qf2 Qb5 20. Nf4 Bf5 21. Na3 Qa6 22. Rad1 Rae8 23. Rfe1 Be6 24. Nxe6 fxe6 25. Qe2 Qb6+ 26. Kh1 Nf5 27. Nc4 Qc5 28. Ne5 Qa5 29. Ng6 Rf6 30. Nf4 Qxa2 31. Bd5 Qa5 32. Nxe6 Kh8 33. Qh5 Rexe6 34. Rxe6 Qa4 35. Re8+ Kh7 36. Bg8+ Kh8 37. Bb3+ 1-0

[Event "Quebec Montcalm op 3 2002-03"]
[Site "Quebec"]
[Date "2002.12.12"]
[Round "4"]
[White "Lapierre, Gaetan"]
[Black "Michaud, Jacques"]
[Result "1/2-1/2"]
[WhiteElo "1758"]
[BlackElo "1510"]
[PlyCount "127"]
[EventDate "2002.11.21"]
[EventType "swiss"]
[EventRounds "5"]
[EventCountry "CAN"]
[SourceTitle "EXT 2022"]
[Source "ChessBase"]
[SourceDate "2021.10.06"]
[SourceVersion "1"]
[SourceVersionDate "2021.10.06"]
[SourceQuality "1"]

1. d4 Nf6 2. c4 g6 3. Nc3 d5 4. Bg5 Ne4 5. Nxe4 dxe4 6. Qd2 Bg7 7. 0-0-0 0-0 8. Bh6 c5 9. Bxg7 Kxg7 10. dxc5 Qxd2+ 11. Rxd2 Na6 12. f3 exf3 13. gxf3 Nxc5 14. Bh3 f5 15. b3 a5 16. e3 b6 17. Ne2 Bb7 18. Bg2 e5 19. Nc3 Rad8 20. Rhd1 Rxd2 21. Rxd2 e4 22. Nd5 exf3 23. Bxf3 Rd8 24. Bg2 Rd6 25. Re2 b5 26. e4 fxe4 27. Bxe4 bxc4 28. bxc4 Nxe4 29. Rxe4 Rd7 30. Nb6 Bxe4 31. Nxd7 Kf7 32. Kd2 Ke7 33. Nc5 Bc6 34. a4 Kd6 35. Nb3 Bxa4 36. Nxa5 Kc5 37. Kc3 Kb6 38. Kb4 Bd1 39. c5+ Kc7 40. Kc4 g5 41. Kd4 g4 42. Ke3 h5 43. Nc4 Kc6 44. Ne5+ Kxc5 45. Nd3+ Kd6 46. Nf2 Bf3 47. Kf4 Bc6 48. Kg5 Bf3 49. Nd3 Be2 50. Nf4 Bf3 51. Nxh5 Ke7 52. Kg6 Kf8 53. Nf6 Be2 54. Kg5 Kg7 55. Nxg4 Bxg4 56. Kxg4 Kh6 57. h4 Kg6 58. h5+ Kg7 59. Kg5 Kh7 60. h6 Kg8 61. Kh5 Kh7 62. Kg5 Kg8 63. Kg6 Kh8 64. h7 1/2-1/2

[Event "Quebec Montcalm op 5 2001-02"]
[Site "Quebec"]
[Date "2002.02.28"]
[Round "2"]
[White "Fecteau, Martin"]
[Black "Michaud, Jacques"]
[Result "1-0"]
[WhiteElo "1945"]
[BlackElo "1496"]
[PlyCount "113"]
[EventDate "2002.01.24"]
[EventType "swiss"]
[EventRounds "5"]
[EventCountry "CAN"]
[SourceTitle "EXT 2022"]
[Source "ChessBase"]
[SourceDate "2021.10.06"]
[SourceVersion "1"]
[SourceVersionDate "2021.10.06"]
[SourceQuality "1"]

1. d4 Nf6 2. c4 g6 3. g3 Bg7 4. Bg2 d6 5. Nf3 Nc6 6. 0-0 0-0 7. d5 Na5 8. Qa4 c5 9. Bd2 b6 10. Qc2 Bf5 11. Qc1 Ne4 12. Be3 Nf6 13. Na3 a6 14. Bh6 Be4 15. Bxg7 Kxg7 16. Bh3 Bxf3 17. exf3 h6 18. b3 g5 19. Qe3 Ra7 20. Rfe1 Kg8 21. Rac1 Nh5 22. Nb1 Ng7 23. f4 f6 24. Nd2 Qe8 25. Bg4 f5 26. Bd1 g4 27. f3 h5 28. fxg4 hxg4 29. Bc2 Qh5 30. Re2 Rf6 31. Rce1 Rh6 32. Nf1 Rc7 33. Qd3 Qf7 34. Re3 Rh7 35. R3e2 Rh5 36. Ne3 Nb7 37. Ng2 Nd8 38. Nh4 Qf6 39. Re3 Nf7 40. Qe2 Kf8 41. Qf2 Nh8 42. Bd3 Ng6 43. Nxg6+ Qxg6 44. Qb2 Qf6 45. Qxf6+ exf6 46. Kg2 Kf7 47. Bf1 Rh8 48. Bd3 Re8 49. h4 gxh3+ 50. Kxh3 Rd7 51. g4 fxg4+ 52. Kxg4 Ree7 53. Bg6+ Kf8 54. Bf5 Rxe3 55. Rxe3 Nxf5 56. Kxf5 Kg7 57. Re6 1-0